[Event "Graz op-B"]
[Site "Graz"]
[Date "2006.09.24"]
[Round "9.5"]
[White "Pucher, Michael"]
[Black "Bilalli, Arsim"]
[Result "0-1"]
[WhiteElo "1895"]
[BlackElo "1897"]
[PlyCount "102"]
[EventDate "2006.09.16"]
[EventType "swiss"]
[EventRounds "9"]
[EventCountry "AUT"]
[SourceTitle "EXT 2022"]
[Source "ChessBase"]
[SourceDate "2021.10.06"]
[SourceVersion "1"]
[SourceVersionDate "2021.10.06"]
[SourceQuality "1"]

1. f4 d5 2. Nf3 c5 3. e3 Nc6 4. Bb5 Bd7 5. b3 Nf6 6. Bb2 e6 7. 0-0 Be7 8. Bxc6 Bxc6 9. Ne5 0-0 10. Nxc6 bxc6 11. d3 Nd7 12. Nd2 Bf6 13. Bxf6 Nxf6 14. Qe2 Nd7 15. Nf3 f6 16. d4 Re8 17. e4 cxd4 18. Nxd4 Qb6 19. Qf2 dxe4 20. Rae1 f5 21. c3 Nf6 22. h3 Nd5 23. Rc1 g6 24. Kh2 Rad8 25. Qg3 c5 26. Nc2 Qa5 27. b4 cxb4 28. Nxb4 Nxb4 29. cxb4 Qxb4 30. Rc7 Re7 31. Qh4 Rde8 32. Rfc1 Qd6 33. R7c6 Qd4 34. Rc8 Qg7 35. R1c7 Kf8 36. Rxe7 Qxe7 37. Qxe7+ Kxe7 38. Rc7+ Kf6 39. Rxa7 h5 40. Kg1 g5 41. g3 Rb8 42. Kf2 h4 43. fxg5+ Kxg5 44. gxh4+ Kf4 45. a4 Rb2+ 46. Ke1 Kf3 47. Rd7 e3 48. a5 Rh2 49. Kd1 Rh1+ 50. Kc2 e2 51. Rd3+ Ke4 0-1

[Event "Graz op-B"]
[Site "Graz"]
[Date "2006.09.20"]
[Round "5.1"]
[White "Bilalli, Arsim"]
[Black "Meixner, Helmut"]
[Result "1-0"]
[WhiteElo "1897"]
[BlackElo "1849"]
[PlyCount "151"]
[EventDate "2006.09.16"]
[EventType "swiss"]
[EventRounds "9"]
[EventCountry "AUT"]
[SourceTitle "EXT 2022"]
[Source "ChessBase"]
[SourceDate "2021.10.06"]
[SourceVersion "1"]
[SourceVersionDate "2021.10.06"]
[SourceQuality "1"]

1. e4 c6 2. d4 d5 3. Nc3 dxe4 4. Nxe4 Bf5 5. Ng3 Bg6 6. Nf3 Nd7 7. Bd3 Bxd3 8. Qxd3 e6 9. 0-0 Ngf6 10. c4 Be7 11. b3 0-0 12. Bb2 Rc8 13. Rad1 Qa5 14. a4 Rfd8 15. Rfe1 Bf8 16. h3 Qb6 17. Qe3 Qc7 18. Ng5 Re8 19. Qd3 h6 20. N5e4 Nxe4 21. Qxe4 Nf6 22. Qf3 Be7 23. Re2 b6 24. Rde1 Qd7 25. Bc3 Kf8 26. Qd3 Kg8 27. b4 Rcd8 28. Qf3 Kf8 29. Ne4 Nxe4 30. Qxe4 Kg8 31. Rd1 Bf6 32. Red2 Qc7 33. Rd3 c5 34. bxc5 bxc5 35. Qe1 cxd4 36. Ba5 Qxc4 37. Bxd8 Rxd8 38. a5 Rd5 39. Qd2 Qc7 40. Ra3 Rc5 41. Ra2 e5 42. a6 Bd8 43. Rb1 Qd6 44. Qd3 Bb6 45. Qe4 Qc6 46. Qxc6 Rxc6 47. Kf1 f5 48. Rab2 Ba5 49. Rb7 Rxa6 50. Re7 Bc3 51. Rbb7 Ra1+ 52. Ke2 Ra2+ 53. Kd3 e4+ 54. Kc4 Ra4+ 55. Kb3 Ra1 56. Rxg7+ Kh8 57. Kc4 Ra4+ 58. Kb3 Ra1 59. Rxa7 Rxa7 60. Rxa7 f4 61. Re7 e3 62. fxe3 fxe3 63. Rxe3 Bd2 64. Re7 Bf4 65. Kc4 Bg5 66. Re8+ Kg7 67. Kxd4 Kf6 68. Ke4 Bc1 69. g4 Kg5 70. Rc8 Bd2 71. Rc5+ Kh4 72. Rh5+ Kg3 73. Kf5 Bc1 74. h4 Bd2 75. g5 hxg5 76. hxg5 1-0

[Event "Graz op-B"]
[Site "Graz"]
[Date "2006.09.18"]
[Round "3.4"]
[White "Bilalli, Arsim"]
[Black "Meggeneder, Heinrich"]
[Result "1-0"]
[WhiteElo "1897"]
[BlackElo "1911"]
[PlyCount "49"]
[EventDate "2006.09.16"]
[EventType "swiss"]
[EventRounds "9"]
[EventCountry "AUT"]
[SourceTitle "EXT 2022"]
[Source "ChessBase"]
[SourceDate "2021.10.06"]
[SourceVersion "1"]
[SourceVersionDate "2021.10.06"]
[SourceQuality "1"]

1. e4 e5 2. Nf3 Nc6 3. d4 exd4 4. Nxd4 Bc5 5. Be3 Qf6 6. c3 Nge7 7. Be2 d5 8. Bf3 dxe4 9. Bxe4 Nxd4 10. cxd4 Bb6 11. Nc3 c6 12. 0-0 0-0 13. Na4 Bc7 14. a3 Bh3 15. Qh5 Bf5 16. Bg5 Qxd4 17. Bxe7 Bxe4 18. Bxf8 Qxa4 19. Bb4 Bg6 20. Qe2 f6 21. Qe7 Be5 22. Rad1 Re8 23. Rd8 c5 24. Bxc5 b6 25. Qf8+ 1-0

[Event "Graz op-B"]
[Site "Graz"]
[Date "2004.09.08"]
[Round "5"]
[White "Grosse, Manfred"]
[Black "Bilalli, Arsim"]
[Result "1/2-1/2"]
[WhiteElo "1937"]
[BlackElo "1843"]
[PlyCount "120"]
[EventDate "2004.09.04"]
[EventType "swiss"]
[EventRounds "9"]
[EventCountry "AUT"]
[SourceTitle "EXT 2006"]
[Source "ChessBase"]
[SourceDate "2005.11.24"]
[SourceVersion "1"]
[SourceVersionDate "2005.11.24"]
[SourceQuality "1"]

1. e4 c5 2. Nf3 Nc6 3. d4 cxd4 4. Nxd4 d6 5. Nc3 g6 6. Be3 Bg7 7. Nxc6 bxc6 8. Qd2 Nf6 9. f3 Rb8 10. Bc4 Qc7 11. 0-0 0-0 12. Kh1 Be6 13. Bb3 Nd7 14. Bxe6 fxe6 15. Rab1 e5 16. Ne2 Kh8 17. c4 Rfd8 18. Rfc1 e6 19. Rd1 Nf6 20. Bg5 d5 21. cxd5 exd5 22. exd5 cxd5 23. Rbc1 Qb7 24. Rc2 Rd7 25. Nc3 d4 26. Bxf6 Bxf6 27. Ne4 Be7 28. b3 Rc8 29. Rdc1 Rxc2 30. Rxc2 Qb4 31. Kg1 Qxd2 32. Rxd2 Bb4 33. Rd3 Rc7 34. a4 Kg7 35. Kf2 Rc2+ 36. Kg3 Rb2 37. Kh3 a5 38. g3 Bc3 39. f4 exf4 40. Nxc3 Rxb3 41. Rxd4 Rxc3 42. Rd5 f3 43. g4 Rc4 44. Kg3 Rxa4 45. g5 Ra3 46. Rd7+ Kg8 47. Ra7 Ra1 48. Kxf3 a4 49. Ra8+ Kf7 50. Ra7+ Ke6 51. Rxh7 a3 52. Ra7 a2 53. Kg2 Kf5 54. Ra5+ Kg4 55. h3+ Kh4 56. Kh2 Kh5 57. Kg2 Rb1 58. Rxa2 Kxg5 59. Ra4 Rb5 60. Rc4 Rf5 1/2-1/2